| 000 | 00639nam a22002057a 4500 | ||
|---|---|---|---|
| 003 | NUST | ||
| 005 | 20240228101804.0 | ||
| 008 | 210629b ||||| |||| 00| 0 eng d | ||
| 020 | _a9789697947027 | ||
| 022 | _29789697947027 | ||
| 082 |
_a320.954910 _bHAS |
||
| 100 |
_aAmbassador (R) Syed Hasan Javed _935662 |
||
| 245 |
_aChina's Model of Development: _bLessons for Pakistan _cAmbassador (R) Syed Hasan Javed |
||
| 250 | _a1st | ||
| 260 |
_aKarachi Pakistan _bNew Fakhri Printing Press _c2020 |
||
| 300 |
_a322p. _bHb. |
||
| 440 |
_aChina's Model of Development: _980870 |
||
| 563 | _a. | ||
| 942 |
_2ddc _cBK _e1st _k332.95491 JAV 2020 |
||
| 999 |
_c608396 _d608396 |
||